00650nam a2200205 i 4500001000300000100002100003245005100024260001900075490003200094700001500126830003200141040000800173041000800181080001400189942000700203008004100210999001500251856009700266952008100363bg1 aTOMLINSON, Brian 0aReading :badvanced /cB. Tomlinson, B. Ellis. aOxford,c1991.1 aOxford Supplementary Skills1 aELLIS, Rod aOxford Supplementary Skills cBPK apol a802.0(07) cKS s pl f |000 0 pol  c4514d4514 uhttp://koha.tu.koszalin.pl/cgi-bin/koha/opac-detail.pl?biblionumber=4514yKatalog online BPK 00104071aBPKbBPKcehoP 41369p01422436s2017-12-05t811.111'24 Ja-cyKS